Представление документа в формате RUSMARC

ПолеНазваниеЗначение
  Тип записи c
  Библиографический уровень m
001 Контрольный номер RU/УОНБ/EK_N/553875228
005 Дата корректировки 20250702124606.7
010 Индекс ISBN __
9 Тираж 10000 экз.
013 Номер (ISMN) __
d Цена 25 к.
071 Издательские номер (звукозапись и ноты) 21
a Номер, присвоенный агентством 1589
100 Данные общей обработки __
a Данные общей обработки 20170720d1979 u y0rusy0189 ca
101 Язык документа 0_
a Язык текста rus
f Язык титульного листа rus
102 Страна публикации __
a Страна публикации RU
125 Кодированные данные звукозаписи и нотных изданий __
a Форма изложения нотного текста с|
128 Кодированные данные (звукозаписи-физические характеристики) __
a Кодированные данные: Музыкальная форма и тональность или лад zz
c Инструменты или голоса, рекомендуемые для солистов (устаревшее) kt||
200 Заглавие и сведения об ответственности 1_
a Заглавие Музыка советских композиторов для баяна
f Первые сведения об ответственности ред.-сост. П. Говорушко
210 Выходные данные 1_
a Место издания Ленинград
c Издательство Музыка
d Дата издания 1973
215 Физическое описание __
a Объем 19 с.
d Формат 29 см
225 Серия 0_
a Серия Нотная тетрадь баяниста
v Обозначение тома вып. 3
327 Примечание о содержании 11
a Примечание о содержании Содерж.: Белов В. Маленький марш. Шендерев Г. Колыбельная ; Хор ; Рондо. Коняев С. Детская сюита. Шостакович Д. Сентиментальный вальс : из Балетной сюиты. Прокофьев С. Песня без слов. Агафонников Н. Русская песня ; Частушка ; Полька.
464 Аналитический уровень _0
1 2001
a Маленький марш
1 700 1
a Белов
b В.
464 Аналитический уровень _0
1 2001
a Колыбельная
1 700 1
a Шендерев
b Г.
464 Аналитический уровень _0
1 2001
a Детская сюита
1 700 1
a Коняев
b С.
464 Аналитический уровень _0
1 2001
a Сентиментальный вальс
e из Балетной сюиты
1 700 1
a Шостакович
b Д.
1 50010
a Балетная сюита
464 Аналитический уровень _0
1 2001
a Песня без слов
1 700 1
a Прокофьев
b С.
464 Аналитический уровень _0
1 2001
a Русская песня
1 700 1
a Агафонников
b Н.
464 Аналитический уровень _0
1 2001
a Хор
1 700 1
a Шендерев
b Г.
464 Аналитический уровень _0
1 2001
a Рондо
1 700 1
a Шендерев
b Г.
464 Аналитический уровень _0
1 2001
a Частушка
1 700 1
a Агафонников
b Н.
464 Аналитический уровень _0
1 2001
a Полька
1 700 1
a Агафонников
b Н.
606 Тематические рубрики 0_
a Основная рубрика Баян
x Основная подрубрика Пьесы
610 Ключевые слова 0_
a Ключевые слова баян
610 Ключевые слова 0_
a Ключевые слова пьесы
686 Индексы других классификаций __
a Классификационный индекс 85.954.6(2)я43
2 Код системы rubbk
702 Вторичная интеллектуальная ответственность _1
a Фамилия Говорушко
b Имя (инициалы) П.
4 Код отношения 220
4 Код отношения 340
801 Источник записи _0
a Страна RU
b Организация Ульяновская ОНБ
c Дата составления 20170720
g Правила каталогизации RCR
801 Источник записи _1
a Страна RU
b Организация Ульяновская ОНБ
c Дата составления 20170720
g Правила каталогизации RCR
901 Тип документа __
t Тип документа m
909 Создатель записи __
a Создатель записи Никитина Т. А.
938 Служебная информация __
a Имя БД noti
b Имя библиотеки УОНБ
c Имя АИБС МАРК-SQL
d Номер DOC_ID в БД 16612